| 000 | 00870cam a2200241 4500 | ||
|---|---|---|---|
| 001 | ABS63579 | ||
| 008 | 000000n2001 000 0 eng u | ||
| 035 | _a(Sirsi) u111233 | ||
| 100 | _aWilkinson, H. W. | ||
| 245 | _aNon-receipt but valid service | ||
| 260 | _c2001 | ||
| 490 |
_aNew Law Journal _v151(6972) 23 February 2001, 275-276(2) |
||
| 520 | _aExamines the issue whether a service of notice is valid if the intended recipient never receives the notice, in light of "Commercial Union Life Assurance Co Ltd v Moustafa" (1999). | ||
| 590 | _aABS | ||
| 650 | _aCOMMERCIAL UNION LIFE ASSURANCE CO LTD V MOUSTAFA | ||
| 650 | _aRENT ARREARS | ||
| 650 | _aASSIGNMENT | ||
| 650 | _aNOTICES | ||
| 650 | _aLANDLORD AND TENANT (COVENANTS) ACT 1995 S17 | ||
| 650 | _aLEX SERVICE PLC V JOHNS | ||
| 690 | _aLANDLORD AND TENANT-BUSINESS TENANCIES | ||
| 942 | _n0 | ||
| 999 |
_c66276 _d66276 |
||